Countries Containing J - Statistics

General Stats
  • This quiz has been taken 358 times
    354 since last reset
  • The average score is 6 of 7
Answer Stats
Country % Correct
Japan
98%
Jamaica
94%
Jordan
90%
Azerbaijan
88%
Djibouti
86%
Fiji
80%
Tajikistan
79%
No matching quizzes found
Score Distribution
Percent of People with Each Score
Percentile by Number Answered
Your Score History
You have not taken this quiz since the last reset